| 000 | 00494nam a2200193Ia 4500 | ||
|---|---|---|---|
| 005 | 20250423100641.0 | ||
| 008 | 250422s9999 xx 000 0 und d | ||
| 020 | _a0-201-35748-8 | ||
| 050 | _aQA 76.73.C15 .H363/ | ||
| 100 | _aJeri R. Hanly | ||
| 245 | 0 | _aProblem Solvingb & Program Design In C | |
| 250 | _a2nd ed. | ||
| 260 | _aReading | ||
| 260 | _bAddison-Wesley Publishing Company | ||
| 260 | _c1997 | ||
| 300 | _a770 p | ||
| 650 | _aComputer Programming Language | ||
| 942 | _cBK | ||
| 999 |
_c33947 _d33947 |
||